Carácter de la conquista española en América y en México (Record no. 131)

MARC details
000 -CABECERA
campo de control de longitud fija 00935nam a2200229 a 4500
001 - NÚMERO DE CONTROL
campo de control BRCA_152
005 - FECHA Y HORA DE LA ÚLTIMA TRANSACCIÓN
campo de control 20190320202913.0
008 - DATOS DE LONGITUD FIJA--INFORMACIÓN GENERAL
campo de control de longitud fija 910828r19901901mx-#---##b---#001-0#spa-#
040 ## - FUENTE DE LA CATALOGACIÓN
Centro catalogador/agencia de origen DLC
Centro/agencia transcriptor DLC
050 #4 - SIGNATURA TOPOGRÁFICA DE LA BIBLIOTECA DEL CONGRESO
Número de clasificación F1226
Número de documento/Ítem .B53 1990
100 1# - ENTRADA PRINCIPAL--NOMBRE DE PERSONA
Nombre de persona García, Genaro
Fechas asociadas al nombre 1867-1920
9 (RLIN) 453
245 10 - MENCIÓN DE TÍTULO
Título Carácter de la conquista española en América y en México
Resto del título según los textos de los historiadores primitivos
Mención de responsabilidad, etc. Genaro García ; prólogo de Andrés Henestrosa.
260 ## - PUBLICACIÓN, DISTRIBUCIÓN, ETC.
Lugar de publicación, distribución, etc. México
Nombre del editor, distribuidor, etc. Biblioteca Mexicana de la Fundación Miguel Alemán
Fecha de publicación, distribución, etc. 1990
300 ## - DESCRIPCIÓN FÍSICA
Extensión xxiii, 456, xv, 30 p.
Dimensiones 23 cm.
500 ## - NOTA GENERAL
Nota general Facsímil de: México : Oficina Tip. de la Secretaría de Fomento, 1901
500 ## - NOTA GENERAL
Nota general Incluye índice onomástico
504 ## - NOTA DE BIBLIOGRAFÍA, ETC.
Nota de bibliografía, etc. Bibliografía: p. [399]-451
651 #4 - PUNTO DE ACCESO ADICIONAL DE MATERIA--NOMBRE GEOGRÁFICO
Nombre geográfico América Latina
Subdivisión general Historia
Subdivisión cronológica a 1600.
9 (RLIN) 583
651 #4 - PUNTO DE ACCESO ADICIONAL DE MATERIA--NOMBRE GEOGRÁFICO
Nombre geográfico América
Subdivisión general Descubrimiento y exploración
9 (RLIN) 584
700 1# - PUNTO DE ACCESO ADICIONAL--NOMBRE DE PERSONA
Nombre de persona Henestrosa, Andrés
Fechas asociadas al nombre 1906-2008
9 (RLIN) 585
942 ## - ELEMENTOS DE PUNTO DE ACCESO ADICIONAL (KOHA)
Fuente del sistema de clasificación o colocación Library of Congress Classification
Tipo de ítem Koha Libros
Holdings
Estado de retiro Estado de pérdida Estado dañado No para préstamo Localización permanente Ubicación/localización actual Fecha de adquisición Total de préstamos Signatura topográfica completa Código de barras Fecha visto por última vez Precio válido a partir de Tipo de ítem Koha
El ejemplar forma parte de la colección y puede ser consultado según las políticas vigentes.       Biblioteca del Museo Franz Mayer (Rogerio Casas-Alatriste) Biblioteca del Museo Franz Mayer (Rogerio Casas-Alatriste) 25/06/2008   F1226 .B53 1990 00213 22/03/2019 22/03/2019 Libros